• 首页
  • 本馆介绍
  • 公告通知
  • 最新文献
  • 馆藏检索
  • 电子资源
  • 读者导购
  • 参考咨询
  • 我的图书馆
  • 登录
  • 详细信息显示
  • 放入我的书架
  • 预约/预借图书
  • 作者相关作品
  • 分类相关作品
  • 丛书相关作品
  • 出版社相关作品

书目信息

  • 表格格式
  • 工作单格式
  • 卡片格式
题名:
中文版AutoCAD辅助设计经典实录228例
    
 
作者: 卓文 主编
分册:  
出版信息: 北京   航空工业出版社  2016.04
页数: 504页
开本: 26cm
丛书名:
单 册:
中图分类: TP391.72
科图分类:
主题词: 计算机应用
电子资源:
ISBN: 978-7-80243-426-4
000 00639nam0 2200205 450
001 961
005 20160912090535.57
010    @a978-7-80243-426-4@b平装@dCNY56.00
100    @a20160725d2016 km y0chiy0120 ea
101 0  @achi
102    @aCN@b110000
200 1  @a中文版AutoCAD辅助设计经典实录228例@Azhong wen ban AutoCAD fu zhu she ji jing dian shi lu 228 li@f卓文主编@Fzhuo wen zhu bian
210    @a北京@c航空工业出版社@d2016.04
215    @a504页@d26cm
300    @a光盘1张
606 0  @a计算机应用
690    @aTP391.72@v4
701  0 @a卓文@Azhuo wen@4主编
801  0 @aCN@b唐山师范学院图书馆@c20151002
905    @aZUCC@dTP391.72@e1000
    
    中文版AutoCAD辅助设计经典实录228例/卓文主编.-北京:航空工业出版社,2016.04
    504页;26cm
    光盘1张
    
    ISBN 978-7-80243-426-4(平装):CNY56.00
    
●
相关链接 在E读中查询图书 在五车中查询图书 在当当中查询图书 在豆瓣中查询图书


正题名:中文版AutoCAD辅助设计经典实录228例     索取号:TP391.72/1000         预约/预借

序号 登录号 条形码 馆藏地/架位号 状态 备注
1 904114   209041142   第二样本阅览室/ [索取号:TP391.72/1000] 在馆    
2 904115   209041151   密集书库—计算机科学学院/ [索取号:TP391.72/1000] 在馆    
3 904116   209041160   第三借阅区/ [索取号:TP391.72/1000] 在馆    
唐山师范学院图书馆 欢迎您!
大连网信软件有限公司© 版权所有